MBK48(目ボケ48) - Statistics

General Stats
  • This quiz has been taken 5 times
  • The average score is 14 of 57
Answer Stats
No Answer % Correct
6 目バナナ口バナナ
80%
32 点心マン
80%
18 トレー顔
60%
37 神戸の街でタコ殴られ
60%
ヤングコーン牙
60%
パン牙
60%
11 バナナSM男
60%
1 得得かまぼこ目
40%
2 店員さん呼ぶボタン目
40%
3 ハイビスカス目
40%
4 竹目
40%
5 鯛目
40%
7 ブス
40%
13 原点に戻った柿目
40%
21 木と暮らす村の若い衆
40%
28 仏のパワーで戦う戦士
40%
31 新聞マン
40%
34 サンチュマン
40%
47 自然を返せ
40%
とんがらし牙目刺さり
40%
23 南国のSM
40%
14 歯をモチーフにした変なヒーロー
20%
15 韓国のり顔
20%
16 エロ河童
20%
24 目がニョ~~ン
20%
25 帯谷
20%
27 ペットボトルふた目が店に来たよ
20%
35 エビキバ族の若い衆
20%
39 キャップの蓋目キャッチャー
20%
41 イスの悪魔超人
20%
43 ヤバい組織の青担当
20%
44 オーガニック馬鹿
20%
45 こうじゃないと興奮しない男
20%
46 パンを邪険に扱ったら出てくる奴
20%
48 いい人
20%
ウインナー牙
20%
糸ようじ牙
20%
ししとう牙フタ目
20%
シェイカー目コルク牙
20%
パスタ牙とペンネ目
20%
8 山芋男
0%
9 海で育ちすぎた男
0%
10 キャビア男
0%
12 なんじゃそりゃ
0%
17 みどりバカ
0%
19 目がゴーヤになり鼻毛がブロッコリーになった男
0%
20 シロップ目をプレゼント用に
0%
22 ダーツ鬼
0%
26 ここの店のバケモノオーナー
0%
29 一番弱いモンスター
0%
30 銀食器マン
0%
33 コーンマン
0%
36 テロリスト
0%
38 眉毛のり瓶ビール目
0%
40 バケモノ
0%
42 ピザ
0%
イカ牙
0%
No matching quizzes found
Score Distribution
Percent of People with Each Score
Percentile by Number Answered
Your Score History
You have not taken this quiz